Statistics for World Capitals larger than 9 Capitals within 1,000 km

Click here to take the quiz!

General Stats

  • This quiz has been taken 58 times
  • The average score is 16 of 21

Answer Stats

#Capital% Correct
12Paris
98%
9London
96%
22Rome
92%
22Vienna
88%
19Berlin
88%
11Bucharest
85%
22Budapest
85%
10Athens
83%
15Prague
81%
12Amsterdam
79%
16Warsaw
79%
11Brussels
79%
13Belgrade
77%
11Sofia
77%
10Ankara
77%
14Zagreb
73%
9Bratislava
65%
13Sarajevo
63%
9Copenhagen
56%
9Abuja
42%
9Baghdad
33%

Score Distribution

Percentile by Number Answered

Percent of People with Each Score

Your Score History

You have not taken this quiz